سیرلصحابیات (Record no. 64934)
[ view plain ]
| 000 -LEADER | |
|---|---|
| fixed length control field | 00217nam a22000977a 4500 |
| 082 ## - DEWEY DECIMAL CLASSIFICATION NUMBER | |
| Classification number | S.A س ع ی |
| 100 ## - MAIN ENTRY--AUTHOR NAME | |
| Personal name | مولینا سعید انصاری |
| 245 ## - TITLE STATEMENT | |
| Title | سیرلصحابیات |
| 300 ## - PHYSICAL DESCRIPTION | |
| Number of Pages | ۱۹۵ |
| 942 ## - ADDED ENTRY ELEMENTS (KOHA) | |
| Koha item type | Books |
| Withdrawn status | Lost status | Home library | Current library | Date acquired | Full call number | Accession Number | Koha item type |
|---|---|---|---|---|---|---|---|
| Central Library, QUEST, Nawabshah | Central Library, QUEST, Nawabshah | 03/07/2019 | S.A س ع ی | R 2251 | Books |